[Event "2024 National Elementary (K-6) Championship"]
[Site "Columbus, Ohio, United States"]
[Date "2024.04.26"]
[Round "2.21"]
[White "Bharadwaj, Samarth Ram"]
[Black "Gu, Hardy"]
[Result "0-1"]
[TimeControl "G/90; d10"]
[WhiteFideId "39919404"]
[BlackFideId "39941876"]
[WhiteElo "1269"]
[BlackElo "1892"]

1. e4 {[%clk 01:30:00]} c5 {[%emt 00:00:05]} 2. Nf3 {[%clk 01:29:56]} {[%emt
00:00:12]} Nc6 {[%clk 01:30:00]} {[%emt 00:00:04]} 3. d4 {[%clk 01:29:56]}
{[%emt 00:00:06]} cxd4 {[%clk 01:30:00]} {[%emt 00:00:03]} 4. Nxd4 {[%clk
01:29:56]} {[%emt 00:00:06]} g6 {[%clk 01:30:00]} {[%emt 00:00:04]} 5. c4
{[%clk 01:29:56]} {[%emt 00:00:06]} Bg7 {[%clk 01:30:00]} {[%emt 00:00:03]} 6.
Be3 {[%clk 01:29:56]} {[%emt 00:00:10]} Nf6 {[%clk 01:30:00]} {[%emt 00:00:07]}
7. Nc3 {[%clk 01:29:56]} {[%emt 00:00:07]} O-O {[%clk 01:30:00]} {[%emt
00:00:04]} 8. Be2 {[%clk 01:29:46]} {[%emt 00:00:20]} d6 {[%clk 01:30:00]}
{[%emt 00:00:06]} 9. O-O {[%clk 01:29:41]} {[%emt 00:00:14]} Bd7 {[%clk
01:30:00]} {[%emt 00:00:06]} 10. Re1 {[%clk 01:29:41]} {[%emt 00:00:05]} Rc8
{[%clk 01:30:00]} {[%emt 00:00:10]} 11. Rc1 {[%clk 01:28:21]} {[%emt 00:01:30]}
Nxd4 {[%clk 01:29:56]} {[%emt 00:00:15]} 12. Bxd4 {[%clk 01:28:19]} {[%emt
00:00:11]} Bc6 {[%clk 01:29:56]} {[%emt 00:00:03]} 13. Qc2 {[%clk 01:25:10]}
{[%emt 00:03:19]} a5 {[%clk 01:29:32]} {[%emt 00:00:33]} 14. b3 {[%clk
01:24:57]} {[%emt 00:00:24]} Nd7 {[%clk 01:29:04]} {[%emt 00:00:38]} 15. Bxg7
{[%clk 01:24:42]} {[%emt 00:00:25]} Kxg7 {[%clk 01:29:04]} {[%emt 00:00:06]} 16.
Rcd1 {[%clk 01:22:53]} {[%emt 00:01:58]} Qb6 {[%clk 01:28:06]} {[%emt
00:01:08]} 17. Bg4 {[%clk 01:18:08]} {[%emt 00:04:55]} Rc7 {[%clk 01:27:11]}
{[%emt 00:01:04]} 18. Bxd7 {[%clk 01:17:16]} {[%emt 00:01:03]} Rxd7 {[%clk
01:27:05]} {[%emt 00:00:17]} 19. Nd5 {[%clk 01:15:12]} {[%emt 00:02:14]} Qc5
{[%clk 01:25:43]} {[%emt 00:01:31]} 20. Qc3+ {[%clk 01:11:14]} {[%emt
00:04:08]} Kg8 {[%clk 01:24:32]} {[%emt 00:01:21]} 21. Qd4 {[%clk 01:09:44]}
{[%emt 00:01:40]} Qxd4 {[%clk 01:24:09]} {[%emt 00:00:33]} 22. Rxd4 {[%clk
01:09:14]} {[%emt 00:00:40]} Bxd5 {[%clk 01:23:22]} {[%emt 00:00:58]} 23. exd5
{[%clk 01:09:01]} {[%emt 00:00:23]} Re8 {[%clk 01:22:23]} {[%emt 00:01:08]} 24.
Rde4 {[%clk 01:08:50]} {[%emt 00:00:21]} Kg7 {[%clk 01:22:07]} {[%emt
00:00:26]} 25. R1e2 {[%clk 01:05:44]} {[%emt 00:03:16]} Kf6 {[%clk 01:20:42]}
{[%emt 00:01:36]} 26. Rf4+ {[%clk 01:03:36]} {[%emt 00:02:17]} Kg7 {[%clk
01:20:30]} {[%emt 00:00:22]} 27. Rfe4 {[%clk 01:03:25]} {[%emt 00:00:21]} h5
{[%clk 01:19:32]} {[%emt 00:01:08]} 28. h4 {[%clk 01:02:28]} {[%emt 00:01:07]}
Kf8 {[%clk 01:17:38]} {[%emt 00:02:05]} 29. Kf1 {[%clk 01:02:14]} {[%emt
00:00:23]} a4 {[%clk 01:17:12]} {[%emt 00:00:36]} 30. R4e3 {[%clk 00:59:03]}
{[%emt 00:03:21]} Rc7 {[%clk 01:15:51]} {[%emt 00:01:31]} 31. Ke1 {[%clk
00:57:11]} {[%emt 00:02:03]} axb3 {[%clk 01:15:28]} {[%emt 00:00:32]} 32. axb3
{[%clk 00:57:11]} {[%emt 00:00:10]} b5 {[%clk 01:15:28]} {[%emt 00:00:10]} 33.
Rc3 {[%clk 00:55:37]} {[%emt 00:01:44]} Rec8 {[%clk 01:15:19]} {[%emt
00:00:18]} 34. Rec2 {[%clk 00:55:22]} {[%emt 00:00:25]} e6 {[%clk 01:14:44]}
{[%emt 00:00:46]} 35. dxe6 {[%clk 00:55:09]} {[%emt 00:00:23]} fxe6 {[%clk
01:14:44]} {[%emt 00:00:05]} 36. Rf3+ {[%clk 00:53:24]} {[%emt 00:01:55]} Ke7
{[%clk 01:14:34]} {[%emt 00:00:20]} 37. Rg3 {[%clk 00:51:10]} {[%emt 00:02:23]}
Kf7 {[%clk 01:14:24]} {[%emt 00:00:21]} 38. Rf3+ {[%clk 00:51:07]} {[%emt
00:00:13]} Kg7 {[%clk 01:14:21]} {[%emt 00:00:12]} 39. Re3 {[%clk 00:50:07]}
{[%emt 00:01:11]} e5 {[%clk 01:13:33]} {[%emt 00:00:58]} 40. Rd3 {[%clk
00:50:07]} {[%emt 00:00:10]} Rc6 {[%clk 01:13:31]} {[%emt 00:00:13]} 41. g3
{[%clk 00:49:23]} {[%emt 00:00:54]} Kf6 {[%clk 01:13:04]} {[%emt 00:00:37]} 42.
Rcd2 {[%clk 00:47:55]} {[%emt 00:01:37]} Ke6 {[%clk 01:11:20]} {[%emt
00:01:54]} 43. cxb5 {[%clk 00:47:45]} {[%emt 00:00:21]} Rb6 {[%clk 01:11:20]}
{[%emt 00:00:03]} 44. Kf1 {[%clk 00:45:07]} {[%emt 00:02:48]} Rc5 {[%clk
01:11:14]} {[%emt 00:00:16]} 45. Re2 {[%clk 00:43:46]} {[%emt 00:01:30]} Rcxb5
{[%clk 01:10:59]} {[%emt 00:00:25]} 46. Rb2 {[%clk 00:40:13]} {[%emt 00:03:44]}
d5 {[%clk 01:10:41]} {[%emt 00:00:27]} 47. Re3 {[%clk 00:36:08]} {[%emt
00:04:15]} d4 {[%clk 01:10:19]} {[%emt 00:00:32]} 48. Rd3 {[%clk 00:36:06]}
{[%emt 00:00:13]} Kd5 {[%clk 01:10:13]} {[%emt 00:00:16]} 49. f3 {[%clk
00:35:11]} {[%emt 00:01:05]} Rc5 {[%clk 01:09:22]} {[%emt 00:01:00]} 50. b4
{[%clk 00:31:26]} {[%emt 00:03:55]} Rcb5 {[%clk 01:09:15]} {[%emt 00:00:17]} 51.
Rdb3 {[%clk 00:30:29]} {[%emt 00:01:07]} Kc4 {[%clk 01:09:13]} {[%emt
00:00:12]} 52. f4 {[%clk 00:29:32]} {[%emt 00:01:07]} e4 {[%clk 01:08:50]}
{[%emt 00:00:33]} 53. Rb1 {[%clk 00:28:59]} {[%emt 00:00:44]} Rxb4 {[%clk
01:08:35]} {[%emt 00:00:25]} 54. Rxb4+ {[%clk 00:28:50]} {[%emt 00:00:18]} Rxb4
{[%clk 01:08:35]} {[%emt 00:00:05]} 55. Rxb4+ {[%clk 00:27:56]} {[%emt
00:01:04]} Kxb4 {[%clk 01:08:35]} {[%emt 00:00:07]} 56. g4 {[%clk 00:27:52]}
{[%emt 00:00:13]} d3 {[%clk 01:08:33]} {[%emt 00:00:13]} 57. f5 {[%clk
00:27:52]} {[%emt 00:00:09]} d2 {[%clk 01:08:28]} {[%emt 00:00:15]} 58. Ke2
{[%clk 00:27:19]} {[%emt 00:00:43]} Kc3 {[%clk 01:08:28]} {[%emt 00:00:05]} 59.
fxg6 {[%clk 00:26:29]} {[%emt 00:01:00]} Kc2 {[%clk 01:08:28]} {[%emt
00:00:05]} 60. g7 {[%clk 00:26:25]} {[%emt 00:00:14]} d1=Q {[%clk 01:08:22]}
{[%emt 00:00:16]} 61. Ke3 {[%clk 00:26:25]} {[%emt 00:00:08]} Qf3+ {[%clk
01:07:43]} {[%emt 00:00:48]} 62. Kd4 {[%clk 00:26:25]} {[%emt 00:00:11]} Qxg4
{[%clk 01:07:43]} {[%emt 00:00:04]} 63. Ke3 {[%clk 00:26:05]} {[%emt 00:00:29]}
Qxg7 {[%clk 01:07:43]} {[%emt 00:00:06]} 64. Kxe4 {[%clk 00:26:05]} {[%emt
00:00:10]} Qg4+ {[%clk 01:07:43]} {[%emt 00:00:08]} 65. Ke3 {[%clk 00:26:05]}
{[%emt 00:00:05]} Qxh4 {[%emt 00:00:19]} 66. Kd4 {[%emt 00:00:46]} 0-1

[Event "2024 National Elementary (K-6) Championship"]
[Site "Columbus, Ohio, United States"]
[Date "2024.04.26"]
[Round "2.22"]
[White "Qiao, Richardson Jingsi"]
[Black "Waters, Kai"]
[Result "0-1"]
[TimeControl "G/90; d10"]
[WhiteFideId "39927822"]
[WhiteElo "1861"]
[BlackElo "1324"]

1. e4 {[%clk 01:30:00]} {[%emt 00:00:01]} c6 {[%clk 01:30:00]} {[%emt
00:00:03]} 2. d4 {[%clk 01:29:53]} {[%emt 00:00:18]} d5 {[%clk 01:30:00]}
{[%emt 00:00:04]} 3. e5 {[%clk 01:29:43]} {[%emt 00:00:20]} Bf5 {[%clk
01:30:00]} {[%emt 00:00:09]} 4. Nf3 {[%clk 01:29:31]} {[%emt 00:00:22]} e6
{[%clk 01:29:56]} {[%emt 00:00:14]} 5. Be2 {[%clk 01:29:26]} {[%emt 00:00:15]}
Nd7 {[%clk 01:29:01]} {[%emt 00:01:06]} 6. c3 {[%clk 01:29:24]} {[%emt
00:00:12]} c5 {[%clk 01:28:41]} {[%emt 00:00:30]} 7. O-O {[%clk 01:28:59]}
{[%emt 00:00:35]} Be7 {[%clk 01:28:09]} {[%emt 00:00:42]} 8. Bd3 {[%clk
01:28:00]} {[%emt 00:01:09]} Bxd3 {[%clk 01:27:46]} {[%emt 00:00:33]} 9. Qxd3
{[%clk 01:27:16]} {[%emt 00:00:54]} cxd4 {[%clk 01:27:26]} {[%emt 00:00:31]} 10.
cxd4 {[%clk 01:26:59]} {[%emt 00:00:26]} Qc7 {[%clk 01:25:23]} {[%emt
00:02:13]} 11. Be3 {[%clk 01:26:31]} {[%emt 00:00:38]} Rc8 {[%clk 01:25:08]}
{[%emt 00:00:26]} 12. Nbd2 {[%clk 01:24:35]} {[%emt 00:02:05]} Bb4 {[%clk
01:24:45]} {[%emt 00:00:33]} 13. a3 {[%clk 01:23:49]} {[%emt 00:00:57]} Bxd2
{[%clk 01:22:30]} {[%emt 00:02:24]} 14. Bxd2 {[%clk 01:22:54]} {[%emt
00:01:04]} Ne7 {[%clk 01:18:15]} {[%emt 00:04:25]} 15. Rac1 {[%clk 01:21:12]}
{[%emt 00:01:53]} Qd8 {[%emt 00:01:19]} 16. Qb3 {[%clk 01:16:45]} {[%emt
00:04:35]} Nb6 {[%clk 01:10:22]} {[%emt 00:06:49]} 17. Bg5 {[%clk 01:12:29]}
{[%emt 00:04:32]} h6 {[%clk 01:02:34]} {[%emt 00:07:59]} 18. Bxe7 {[%clk
01:12:15]} {[%emt 00:00:24]} Qxe7 {[%clk 01:00:47]} {[%emt 00:01:57]} 19. Qxb6
{[%clk 01:11:49]} {[%emt 00:00:37]} Rxc1 {[%clk 01:00:25]} {[%emt 00:00:31]} 20.
Qb5+ {[%clk 01:11:39]} {[%emt 00:00:18]} Rc6 {[%clk 01:00:25]} {[%emt
00:00:04]} 21. Qa4 {[%clk 01:09:44]} {[%emt 00:02:05]} O-O {[%clk 00:58:50]}
{[%emt 00:01:45]} 22. Nd2 {[%clk 01:08:45]} {[%emt 00:01:08]} Rfc8 {[%clk
00:57:36]} {[%emt 00:01:25]} 23. Nb3 {[%clk 01:07:39]} {[%emt 00:01:16]} Ra6
{[%clk 00:56:44]} {[%emt 00:01:03]} 24. Qb5 {[%clk 01:07:06]} {[%emt 00:00:42]}
Rb6 {[%clk 00:56:03]} {[%emt 00:00:52]} 25. Qd3 {[%clk 01:06:12]} {[%emt
00:01:03]} Qe8 {[%clk 00:54:16]} {[%emt 00:01:57]} 26. f4 {[%clk 00:59:48]}
{[%emt 00:06:34]} Qb5 {[%clk 00:52:38]} {[%emt 00:01:49]} 27. Rf3 {[%clk
00:57:42]} {[%emt 00:02:15]} Qxd3 {[%clk 00:52:22]} {[%emt 00:00:26]} 28. Rxd3
{[%clk 00:57:20]} {[%emt 00:00:32]} Rc2 {[%clk 00:52:12]} {[%emt 00:00:21]} 29.
h3 {[%clk 00:57:14]} {[%emt 00:00:15]} Rxb2 {[%clk 00:52:05]} {[%emt 00:00:18]}
30. Nc5 {[%clk 00:57:14]} {[%emt 00:00:10]} Rb1+ {[%clk 00:52:01]} {[%emt
00:00:13]} 31. Kh2 {[%clk 00:57:04]} {[%emt 00:00:20]} Rf1 {[%clk 00:50:36]}
{[%emt 00:01:35]} 32. Kg3 {[%clk 00:54:12]} {[%emt 00:03:03]} Rb2 {[%clk
00:49:42]} {[%emt 00:01:04]} 33. Na4 {[%clk 00:52:56]} {[%emt 00:01:26]} Ra2
{[%clk 00:49:05]} {[%emt 00:00:46]} 34. Rc3 {[%clk 00:52:20]} {[%emt 00:00:46]}
Rg1 {[%clk 00:48:09]} {[%emt 00:01:06]} 35. Rc8+ {[%clk 00:51:40]} {[%emt
00:00:50]} Kh7 {[%clk 00:48:06]} {[%emt 00:00:13]} 36. Nc5 {[%clk 00:50:15]}
{[%emt 00:01:35]} Rgxg2+ {[%clk 00:47:32]} {[%emt 00:00:44]} 37. Kf3 {[%clk
00:50:00]} {[%emt 00:00:25]} Rgc2 {[%clk 00:47:13]} {[%emt 00:00:29]} 0-1

[Event "2024 National Elementary (K-6) Championship"]
[Site "Columbus, Ohio, United States"]
[Date "2024.04.26"]
[Round "2.23"]
[White "Anand, Ekam Singh"]
[Black "Schaefer, Sasha Milo"]
[Result "0-1"]
[TimeControl "G/90; d10"]
[BlackFideId "39920682"]
[WhiteElo "1331"]
[BlackElo "1843"]

1. e4 {[%clk 01:30:00]} {[%emt 00:00:01]} c6 {[%clk 01:30:00]} 2. d4 {[%clk
01:30:00]} {[%emt 00:00:07]} d5 {[%clk 01:30:00]} {[%emt 00:00:01]} 3. f3
{[%clk 01:29:56]} {[%emt 00:00:15]} Qb6 {[%clk 01:30:00]} {[%emt 00:00:04]} 4.
Ne2 {[%clk 01:29:00]} {[%emt 00:01:07]} dxe4 {[%clk 01:29:56]} {[%emt
00:00:13]} 5. fxe4 {[%clk 01:28:59]} {[%emt 00:00:11]} e5 {[%clk 01:29:56]}
{[%emt 00:00:06]} 6. c3 {[%clk 01:28:35]} {[%emt 00:00:34]} Nf6 {[%clk
01:27:43]} {[%emt 00:02:23]} 7. Ng3 {[%clk 01:24:26]} {[%emt 00:04:19]} Bg4
{[%clk 01:26:55]} {[%emt 00:00:57]} 8. Qd3 {[%clk 01:23:32]} {[%emt 00:01:04]}
Nbd7 {[%clk 01:26:06]} {[%emt 00:00:59]} 9. Nd2 {[%clk 01:20:48]} {[%emt
00:02:55]} O-O-O {[%clk 01:25:39]} {[%emt 00:00:36]} 10. Nb3 {[%clk 01:20:42]}
{[%emt 00:00:16]} exd4 {[%clk 01:23:09]} {[%emt 00:02:41]} 11. cxd4 {[%clk
01:14:30]} {[%emt 00:06:22]} Bb4+ {[%clk 01:19:44]} {[%emt 00:03:35]} 12. Bd2
{[%clk 01:13:54]} {[%emt 00:00:46]} Rhe8 {[%clk 01:17:44]} {[%emt 00:02:09]} 13.
h3 {[%clk 01:12:15]} {[%emt 00:01:50]} Bxd2+ {[%clk 01:16:46]} {[%emt
00:01:07]} 14. Kxd2 {[%clk 01:11:41]} {[%emt 00:00:42]} Nc5 {[%clk 01:13:31]}
{[%emt 00:03:27]} 15. Nxc5 {[%clk 01:09:43]} {[%emt 00:02:09]} Qxb2+ {[%clk
01:13:20]} {[%emt 00:00:20]} 16. Ke3 {[%clk 01:09:23]} {[%emt 00:00:29]} Nd5#
{[%clk 01:13:09]} 0-1

[Event "2024 National Elementary (K-6) Championship"]
[Site "Columbus, Ohio, United States"]
[Date "2024.04.26"]
[Round "2.24"]
[White "Singh, Ian Avery"]
[Black "Chelladorai, Joshua"]
[Result "1-0"]
[TimeControl "G/90; d10"]
[WhiteClock "00:00:16"]
[BlackClock "00:07:16"]
[WhiteFideId "39902676"]
[WhiteElo "1829"]
[BlackElo "1322"]

1. e4 {[%clk 01:30:00]} {[%emt 00:00:01]} e5 {[%clk 01:29:57]} {[%emt
00:00:13]} 2. Nf3 {[%clk 01:30:00]} {[%emt 00:00:04]} Nc6 {[%clk 01:29:57]}
{[%emt 00:00:09]} 3. d4 {[%clk 01:30:00]} {[%emt 00:00:03]} exd4 {[%clk
01:29:57]} {[%emt 00:00:09]} 4. Bc4 {[%clk 01:30:00]} {[%emt 00:00:04]} Be7
{[%clk 01:29:43]} {[%emt 00:00:24]} 5. Nxd4 {[%clk 01:29:52]} {[%emt 00:00:18]}
d6 {[%clk 01:29:26]} {[%emt 00:00:26]} 6. Nc3 {[%clk 01:28:56]} {[%emt
00:01:07]} Nf6 {[%clk 01:29:24]} {[%emt 00:00:12]} 7. O-O {[%clk 01:27:58]}
{[%emt 00:01:08]} O-O {[%clk 01:29:24]} {[%emt 00:00:06]} 8. h3 {[%clk
01:26:03]} {[%emt 00:02:06]} Nxd4 {[%clk 01:28:41]} {[%emt 00:00:52]} 9. Qxd4
{[%clk 01:26:03]} {[%emt 00:00:03]} Be6 {[%clk 01:27:48]} {[%emt 00:01:04]} 10.
Bb3 {[%clk 01:25:46]} {[%emt 00:00:26]} a6 {[%clk 01:26:30]} {[%emt 00:01:28]}
11. Bxe6 {[%clk 01:22:09]} {[%emt 00:03:47]} fxe6 {[%clk 01:26:28]} {[%emt
00:00:11]} 12. Be3 {[%clk 01:21:23]} {[%emt 00:00:55]} e5 {[%clk 01:22:57]}
{[%emt 00:03:42]} 13. Qd3 {[%clk 01:20:46]} {[%emt 00:00:48]} Qd7 {[%clk
01:21:20]} {[%emt 00:01:47]} 14. Rad1 {[%clk 01:19:21]} {[%emt 00:01:34]} Rad8
{[%clk 01:20:28]} {[%emt 00:01:03]} 15. Nd5 {[%clk 01:18:05]} {[%emt 00:01:25]}
Kh8 {[%clk 01:18:09]} {[%emt 00:02:29]} 16. Nxf6 {[%clk 01:14:14]} {[%emt
00:04:01]} Bxf6 {[%clk 01:17:54]} {[%emt 00:00:25]} 17. c4 {[%clk 01:12:24]}
{[%emt 00:02:01]} h6 {[%clk 01:16:52]} {[%emt 00:01:12]} 18. c5 {[%clk
01:11:42]} {[%emt 00:00:52]} Qe6 {[%clk 01:15:11]} {[%emt 00:01:51]} 19. Qa3
{[%clk 01:07:20]} {[%emt 00:04:33]} Be7 {[%clk 01:10:05]} {[%emt 00:05:15]} 20.
b3 {[%clk 00:54:51]} {[%emt 00:12:40]} d5 {[%clk 01:08:58]} {[%emt 00:01:17]}
21. Qa4 {[%clk 00:52:30]} {[%emt 00:02:31]} d4 {[%clk 01:08:26]} {[%emt
00:00:42]} 22. Bd2 {[%clk 00:51:44]} {[%emt 00:00:55]} Bxc5 {[%clk 01:08:17]}
{[%emt 00:00:19]} 23. Rc1 {[%clk 00:49:37]} {[%emt 00:02:17]} Bb6 {[%clk
01:04:11]} {[%emt 00:04:17]} 24. Qa3 {[%clk 00:45:13]} {[%emt 00:04:34]} Rc8
{[%clk 01:01:28]} {[%emt 00:02:53]} 25. b4 {[%clk 00:38:09]} {[%emt 00:07:14]}
Qd6 {[%clk 00:58:49]} {[%emt 00:02:48]} 26. Qg3 {[%clk 00:37:16]} {[%emt
00:01:04]} Qe6 {[%clk 00:51:33]} {[%emt 00:07:26]} 27. a4 {[%clk 00:36:18]}
{[%emt 00:01:08]} Rce8 {[%clk 00:44:51]} {[%emt 00:06:50]} 28. a5 {[%clk
00:36:05]} {[%emt 00:00:24]} Ba7 {[%clk 00:42:47]} {[%emt 00:02:14]} 29. Rxc7
{[%clk 00:35:39]} {[%emt 00:00:36]} Rf7 {[%clk 00:42:45]} {[%emt 00:00:13]} 30.
Rxf7 {[%clk 00:29:29]} {[%emt 00:06:20]} Qxf7 {[%clk 00:42:45]} {[%emt
00:00:10]} 31. Kh1 {[%clk 00:25:05]} {[%emt 00:04:34]} Qe7 {[%clk 00:40:25]}
{[%emt 00:02:29]} 32. Qg6 {[%clk 00:22:58]} {[%emt 00:02:18]} Bb8 {[%clk
00:38:27]} {[%emt 00:02:08]} 33. Rd1 {[%clk 00:19:25]} {[%emt 00:03:43]} Bd6
{[%clk 00:37:39]} {[%emt 00:00:57]} 34. Rb1 {[%clk 00:16:37]} {[%emt 00:02:59]}
Rc8 {[%clk 00:36:06]} {[%emt 00:01:42]} 35. Rb3 {[%clk 00:14:38]} {[%emt
00:02:09]} Rc6 {[%clk 00:33:58]} {[%emt 00:02:18]} 36. Rg3 {[%clk 00:13:05]}
{[%emt 00:01:43]} Bc7 {[%clk 00:30:58]} {[%emt 00:03:10]} 37. Qg4 {[%clk
00:12:01]} {[%emt 00:01:14]} Qf8 {[%clk 00:29:42]} {[%emt 00:01:26]} 38. Rf3
{[%clk 00:11:03]} {[%emt 00:01:08]} Qg8 {[%clk 00:29:10]} {[%emt 00:00:43]} 39.
Rf5 {[%clk 00:09:25]} {[%emt 00:01:48]} Rc2 {[%clk 00:28:06]} {[%emt 00:01:14]}
40. Bg5 {[%clk 00:08:12]} {[%emt 00:01:23]} Bd6 {[%clk 00:26:50]} {[%emt
00:01:25]} 41. Qh5 {[%clk 00:05:57]} {[%emt 00:02:25]} Qh7 {[%clk 00:23:22]}
{[%emt 00:03:38]} 42. Bf6 {[%clk 00:03:34]} {[%emt 00:02:33]} Rc7 {[%clk
00:14:40]} {[%emt 00:08:52]} 43. Qe8+ {[%clk 00:02:50]} {[%emt 00:00:54]} Qg8
{[%clk 00:14:17]} {[%emt 00:00:33]} 44. Qxg8+ {[%clk 00:02:50]} {[%emt
00:00:02]} Kxg8 {[%clk 00:14:17]} {[%emt 00:00:03]} 45. Bxe5 {[%clk 00:02:50]}
{[%emt 00:00:02]} Bxe5 {[%clk 00:14:17]} {[%emt 00:00:04]} 46. Rxe5 {[%clk
00:02:50]} {[%emt 00:00:02]} Rd7 {[%clk 00:14:17]} {[%emt 00:00:02]} 47. Rc5
{[%clk 00:02:40]} {[%emt 00:00:20]} d3 {[%clk 00:14:01]} {[%emt 00:00:27]} 48.
Rc1 {[%clk 00:02:40]} Rd4 {[%clk 00:14:00]} {[%emt 00:00:11]} 49. Rd1 {[%clk
00:02:05]} {[%emt 00:00:46]} Rxe4 {[%clk 00:13:50]} {[%emt 00:00:19]} 50. Rxd3
{[%clk 00:02:05]} {[%emt 00:00:02]} Rxb4 {[%clk 00:13:50]} 51. Rd7 {[%clk
00:02:05]} {[%emt 00:00:04]} Rb2 {[%clk 00:13:36]} {[%emt 00:00:25]} 52. Kg1
{[%clk 00:01:56]} {[%emt 00:00:19]} Kf8 {[%clk 00:13:36]} {[%emt 00:00:08]} 53.
f4 {[%clk 00:01:56]} {[%emt 00:00:02]} Rb5 {[%clk 00:13:18]} {[%emt 00:00:25]}
54. Kh2 {[%clk 00:01:56]} {[%emt 00:00:08]} Rxa5 {[%clk 00:13:15]} {[%emt
00:00:13]} 55. Rxb7 {[%clk 00:01:56]} {[%emt 00:00:03]} g5 {[%clk 00:13:15]}
{[%emt 00:00:04]} 56. fxg5 {[%clk 00:01:54]} {[%emt 00:00:12]} hxg5 {[%clk
00:13:15]} {[%emt 00:00:03]} 57. Kg3 {[%clk 00:01:54]} Kg8 {[%clk 00:13:14]}
{[%emt 00:00:12]} 58. Kg4 {[%clk 00:01:54]} {[%emt 00:00:02]} Kh8 {[%clk
00:13:14]} {[%emt 00:00:04]} 59. Kh5 {[%clk 00:01:49]} {[%emt 00:00:16]} Kg8
{[%clk 00:13:11]} {[%emt 00:00:13]} 60. g3 {[%clk 00:01:46]} {[%emt 00:00:13]}
Kh8 {[%clk 00:13:11]} {[%emt 00:00:09]} 61. Kg6 {[%clk 00:01:46]} {[%emt
00:00:07]} Rb5 {[%clk 00:12:53]} {[%emt 00:00:29]} 62. Ra7 {[%clk 00:01:44]}
{[%emt 00:00:13]} Rb6+ {[%clk 00:12:31]} {[%emt 00:00:32]} 63. Kxg5 {[%clk
00:01:44]} {[%emt 00:00:03]} Kg8 {[%clk 00:12:31]} {[%emt 00:00:01]} 64. h4
{[%clk 00:01:44]} {[%emt 00:00:06]} Kf8 {[%clk 00:12:31]} {[%emt 00:00:03]} 65.
h5 {[%clk 00:01:43]} {[%emt 00:00:11]} Kg8 {[%clk 00:12:31]} {[%emt 00:00:06]}
66. Kh4 {[%clk 00:01:31]} {[%emt 00:00:22]} Kh8 {[%clk 00:12:05]} {[%emt
00:00:37]} 67. g4 {[%clk 00:01:04]} {[%emt 00:00:36]} Kg8 {[%clk 00:12:05]}
{[%emt 00:00:06]} 68. Kg5 {[%clk 00:00:48]} {[%emt 00:00:26]} Rb5+ {[%clk
00:12:05]} {[%emt 00:00:10]} 69. Kf6 {[%clk 00:00:48]} {[%emt 00:00:06]} Rb4
{[%clk 00:11:45]} {[%emt 00:00:30]} 70. Kf5 {[%clk 00:00:31]} {[%emt 00:00:27]}
Rb5+ {[%clk 00:11:45]} {[%emt 00:00:04]} 71. Kg6 {[%clk 00:00:31]} {[%emt
00:00:01]} Rb6+ {[%clk 00:11:45]} {[%emt 00:00:03]} 72. Kg5 {[%clk 00:00:31]}
Rb5+ {[%clk 00:11:45]} {[%emt 00:00:05]} 73. Kh4 {[%clk 00:00:31]} {[%emt
00:00:01]} Rb6 {[%clk 00:11:45]} {[%emt 00:00:04]} 74. Rc7 {[%clk 00:00:31]}
{[%emt 00:00:04]} Kh8 {[%clk 00:11:26]} {[%emt 00:00:29]} 75. Kg5 {[%clk
00:00:31]} {[%emt 00:00:05]} Rb5+ {[%clk 00:11:26]} {[%emt 00:00:06]} 76. Kf4
{[%clk 00:00:31]} Rb4+ {[%clk 00:11:26]} {[%emt 00:00:04]} 77. Kg3 {[%clk
00:00:31]} {[%emt 00:00:07]} Rb3+ {[%clk 00:11:26]} {[%emt 00:00:05]} 78. Kh4
{[%clk 00:00:31]} {[%emt 00:00:02]} Rb6 {[%clk 00:11:26]} {[%emt 00:00:03]} 79.
Re7 {[%clk 00:00:31]} {[%emt 00:00:05]} Kg8 {[%clk 00:11:22]} {[%emt 00:00:14]}
80. Kg5 {[%clk 00:00:31]} {[%emt 00:00:04]} Kh8 {[%clk 00:10:00]} {[%emt
00:01:32]} 81. h6 {[%clk 00:00:28]} {[%emt 00:00:14]} Kg8 {[%clk 00:09:57]}
{[%emt 00:00:13]} 82. Kh5 {[%clk 00:00:28]} Rb5+ {[%clk 00:09:44]} {[%emt
00:00:23]} 83. g5 {[%clk 00:00:28]} {[%emt 00:00:04]} Kh8 {[%clk 00:09:44]}
{[%emt 00:00:07]} 84. Re6 {[%clk 00:00:28]} {[%emt 00:00:05]} a5 {[%clk
00:09:41]} {[%emt 00:00:14]} 85. Kg6 {[%clk 00:00:28]} {[%emt 00:00:09]} Rb8
{[%clk 00:09:06]} {[%emt 00:00:45]} 86. Ra6 {[%clk 00:00:28]} Rg8+ {[%clk
00:09:06]} {[%emt 00:00:03]} 87. Kh5 {[%clk 00:00:28]} {[%emt 00:00:02]} Kh7
{[%clk 00:08:57]} {[%emt 00:00:19]} 88. Rxa5 {[%clk 00:00:28]} {[%emt
00:00:05]} Kh8 {[%clk 00:08:57]} {[%emt 00:00:03]} 89. Ra7 {[%clk 00:00:28]}
{[%emt 00:00:01]} Re8 {[%clk 00:08:57]} {[%emt 00:00:09]} 90. Rd7 {[%clk
00:00:28]} {[%emt 00:00:06]} Kg8 {[%clk 00:08:57]} {[%emt 00:00:06]} 91. Rd5
{[%clk 00:00:28]} {[%emt 00:00:06]} Kh8 {[%clk 00:08:29]} {[%emt 00:00:38]} 92.
Rf5 {[%clk 00:00:28]} {[%emt 00:00:06]} Rg8 {[%clk 00:08:26]} {[%emt 00:00:12]}
93. g6 {[%clk 00:00:28]} {[%emt 00:00:07]} Re8 {[%clk 00:08:25]} {[%emt
00:00:11]} 94. Kg5 {[%clk 00:00:23]} {[%emt 00:00:15]} Rd8 {[%clk 00:08:18]}
{[%emt 00:00:16]} 95. Rf8+ {[%clk 00:00:16]} {[%emt 00:00:17]} Rxf8 {[%emt
00:00:07]} 96. g7+ {[%clk 00:00:16]} Kg8 {[%clk 00:07:59]} {[%emt 00:00:29]} 97.
Kg6 {[%clk 00:00:16]} {[%emt 00:00:02]} Rf6+ {[%clk 00:07:16]} {[%emt
00:00:52]} 98. Kxf6 {[%clk 00:00:16]} {[%emt 00:00:02]} Kh7 {[%clk 00:07:16]}
{[%emt 00:00:02]} 99. Kf7 {[%clk 00:00:16]} Kxh6 {[%clk 00:07:16]} {[%emt
00:00:01]} 100. g8=Q {[%clk 00:00:16]} {[%emt 00:00:02]} Kh5 {[%clk 00:07:16]}
{[%emt 00:00:02]} 101. Qg3 {[%clk 00:00:16]} {[%emt 00:00:02]} Kh6 {[%clk
00:07:16]} 102. Qh4+ {[%clk 00:00:16]} {[%emt 00:00:02]} 1-0